|
|
|
|
| LEADER |
02068nam a2200457 i 4500 |
| 001 |
EBC4401815 |
| 003 |
MiAaPQ |
| 005 |
20200520144314.0 |
| 006 |
m o d | |
| 007 |
cr cnu|||||||| |
| 008 |
160628t20152015gw aob ob 001 0 eng d |
| 020 |
|
|
|z 9783110444063
|
| 020 |
|
|
|a 9783110453959
|q (electronic bk.)
|
| 035 |
|
|
|a (MiAaPQ)EBC4401815
|
| 035 |
|
|
|a (Au-PeEL)EBL4401815
|
| 035 |
|
|
|a (CaPaEBR)ebr11222461
|
| 035 |
|
|
|a (OCoLC)957125509
|
| 040 |
|
|
|a MiAaPQ
|b eng
|e rda
|e pn
|c MiAaPQ
|d MiAaPQ
|
| 043 |
|
|
|a a-cc---
|
| 050 |
|
4 |
|a PL3801.S5
|b .G353 2015
|
| 082 |
0 |
|
|a 895/.4
|2 23
|
| 100 |
1 |
|
|a Galambos, Imre,
|e author.
|
| 245 |
1 |
0 |
|a Translating Chinese tradition and teaching Tangut culture :
|b manuscripts and printed books from Khara-Khoto /
|c Imre Galambos.
|
| 264 |
|
1 |
|a Berlin, Germany ;
|a Boston, [Massachusetts] :
|b De Gruyter,
|c 2015.
|
| 264 |
|
4 |
|c 2015
|
| 300 |
|
|
|a 1 online resource (326 pages) :
|b illustrations, photographs, maps.
|
| 336 |
|
|
|a text
|2 rdacontent
|
| 337 |
|
|
|a computer
|2 rdamedia
|
| 338 |
|
|
|a online resource
|2 rdacarrier
|
| 490 |
1 |
|
|a Studies in Manuscript Cultures ;
|v Volume 6
|
| 504 |
|
|
|a Includes bibliographical references and index.
|
| 588 |
|
|
|a Description based on print version record.
|
| 590 |
|
|
|a Electronic reproduction. Ann Arbor, MI : ProQuest, 2016. Available via World Wide Web. Access may be limited to ProQuest affiliated libraries.
|
| 650 |
|
0 |
|a Tangut language.
|
| 651 |
|
0 |
|a China
|x History
|y Xi Xia dynasty, 1038-1227.
|
| 651 |
|
0 |
|a Khara Khoto (Extinct city)
|
| 655 |
|
4 |
|a Electronic books.
|
| 776 |
0 |
8 |
|i Print version:
|a Galambos, Imre.
|t Translating Chinese tradition and teaching Tangut culture : manuscripts and printed books from Khara-Khoto.
|d Berlin, Germany ; Boston, [Massachusetts] : De Gruyter, c2015
|h viii, 318 pages
|k Studies in manuscript cultures ; Volume 6.
|z 9783110444063
|w 2015040160
|
| 797 |
2 |
|
|a ProQuest (Firm)
|
| 830 |
|
0 |
|a Studies in manuscript cultures ;
|v Volume 6.
|
| 856 |
4 |
0 |
|u https://ebookcentral.proquest.com/lib/matrademy/detail.action?docID=4401815
|z Click to View
|